000 00767cam a22002653a 4500
001 25971
003 PGUSA
005 20140828083546.0
008 080704s2008||||xxu|||||s|||||000 1 eng d
040 _aPGUSA
_beng
042 _adc
050 4 _aPR
100 1 _aSinclair, May,
_d1863-1946
245 1 4 _aThe Creators :
_bA Comedy
_h[electronic resource] /
_cMay Sinclair
260 _bProject Gutenberg,
_c2008
506 _aPublic domain in the USA.
516 _aElectronic text
653 _aMan-woman relationships -- Fiction
653 _aAuthorship -- Fiction
653 _aAuthors -- Fiction
700 1 _aKeller, Arthur Ignatius,
_d1866-1924
830 0 _aProject Gutenberg
_v25971
856 4 0 _uhttp://www.gutenberg.org/ebooks/25971
942 _cEB
999 _c255226
_d255226